Normal view MARC view

Entry Nombre geográfico

Number of records used in: 1

001 - NÚMERO DE CONTROL

  • campo de control: 28429

003 - IDENTIFICADOR DEL NÚMERO DE CONTROL

  • campo de control: FranzMayer

005 - FECHA Y HORA DE LA ÚLTIMA TRANSACCIÓN

  • campo de control: 20220706161951.0

008 - DATOS DE LONGITUD FIJA

  • campo de control de longitud fija: 220706|| aca||aabn | a|a d

040 ## - FUENTE DE LA CATALOGACIÓN

  • Centro catalogador/agencia de origen: FranzMayer
  • Centro/agencia transcriptor: FranzMayer

151 ## - ENCABEZAMIENTO--NOMBRE GEOGRÁFICO

  • Nombre geográfico: México
  • Subdivisión general: Daguerrotipo
  • Subdivisión geográfica: Mujeres

670 ## - FUENTE DE DATOS ENCONTRADOS

  • Cita de la fuente: Work cat.: (FranzMayer)10810: Mena Macedo, Margarita autor. 28427, La representación femenina a través de la técnica del daguerrotipo en el siglo XIX en México. (1839-1860) / , 2019